VI Censo Nacional Agropecuario: características de las fincas y de las personas productoras
Sparad:
| Materialtyp: | Bok |
|---|---|
| Språk: | Spanish |
| Taggar: |
Lägg till en tagg
Inga taggar, Lägg till första taggen!
|
MARC
| LEADER | 00000nam a22000007a 4500 | ||
|---|---|---|---|
| 003 | cru CIDCACS/IIS | ||
| 005 | 20180315140745.0 | ||
| 007 | ta | ||
| 008 | 180315s2015 cr |||||r|||||||| ||spa|d | ||
| 999 | |c 41143 |d 41143 | ||
| 020 | |a 9789968683999 | ||
| 040 | |c cru CIDCACS/IIS | ||
| 090 | |a 07.05.01 CR837c VI-2015 Tomo I | ||
| 245 | 1 | 3 | |a VI Censo Nacional Agropecuario: |b características de las fincas y de las personas productoras |
| 300 | |a 177 páginas: |b tablas, mapa | ||
| 773 | 0 | |0 41142 |9 1883 |a Costa Rica. |d San José, Costa Rica: INEC, 2015 |o 18446 |t VI Censo Nacional Agropecuario/ | |
| 942 | |2 ddc |c LI | ||



